Countries that HATE USA - Statistics

General Stats
  • This quiz has been taken 11 times
  • The average score is 8 of 12
Answer Stats
Hint Answer % Correct
Rising Sun China
88%
Desert Iran
88%
Literally #1 Enemy Russia
88%
Missles...? Cuba
75%
Very poor, Rich neighbor North Korea
75%
Panama Neighbor Venezuela
75%
BOMBS Afghanistan
63%
Russia's Neighbor Belarus
63%
Youngest Country South Sudan
63%
Sounds like "Cereal" Syria
63%
Last letter of the alphabet Zimbabwe
63%
Have Fun guessing this one Myanmar
25%
No matching quizzes found
Score Distribution
Percent of People with Each Score
Percentile by Number Answered
Your Score History
You have not taken this quiz